000 00781nam a2200277Ia 4500
003 OSt
005 20220918165534.0
006 a|||||r|||| 00| 0
007 ta
008 220917b |||||||| |||| 00| 0 eng d
020 _a8125018980 (pbk)
024 _a158,057
037 _cTextual
040 _aARTS
_cARTS
_beng
041 _2eng
_aeng
082 _aX.1.N, P1 (SC)
100 _aGhosh Jayati
_924660
245 0 _aCrisis as conquest
_b learning from East Asia
260 _aHyderabad
_bOrient Longman
_c2001
300 _axi, 137p.
_ccm.
490 _aTracts for the times
650 _aECONOMICS
700 _a Chandrasekhar C. P.
_924661
942 _hX.1.N, P1 (SC)
_cTEXL
_2CC
999 _c130269
_d130269